000 00393nam a2200157Ia 4500
008 231217s9999 xx 000 0 und d
020 _a8177583212
041 _aEnglish
082 _a658.4038 AWA;6
100 _aAwad, Elias M. Ghaziri, Hassan M.
245 0 _aKnowledge management
260 _c2004
_bPearson
_aDelhi
300 _a480
650 _aKnowledge,management
942 _cAA
999 _c178026
_d178026